000 00254nam a2200097Ia 4500
008 240331s9999 xx 000 0 und d
082 _bTHI
100 _athiruchelwam,N
245 0 _aManida urimaigal arasamaippuvadam panmaiduvamum palvagaimaiyum
942 _cL
999 _c4966
_d4966